01372nam a2200301 i 4500001001000000003000900010005001700019007000300036008004100039040003000080082001900110100005300129245009700182264005100279300004600330336002700376337003300403338002800436590002700464700004300491700005000534910001400584942001300598952014500611952015100756952014600907999001701053000044396DO-SdBNP20250623094435.0ta140627s2001 dr a 000 0 spa d aDO-SdBNPbspacBNPHUerda axxxxbC8222221 aCoronado, Carmen D.,d1952-972405eautora4aut.10aBosquilandia I /cCarmen D. Coronado, Uschi Beckermann ; ilustraciones, Joaquín Quezada E. 1aRepública Dominicana :bBijosa TTS,c[2001]. a[24] páginas :bilustraciones ;c19 cm. atextobtxt2rdacontent asin mediaciónbn2rdamedia avolumenbnc2rdacarrier aInventariado, 2025/ YL12aBeckermann, Uschi eautor4aut.98816212aQuezada E., Joaquíneilustrador9724064il. aYLockward 2ddccLF2 00102ddc51708CIJ-PDaBNPHUbBNPHUcCTd2014-06-27iLF1l0oBNPHU F-CIJ-PD xxxx xxxxp44396-10r2020-06-25w2020-06-25yLF2ZNo se presta 00102ddc51708CIJ-PDaBNPHUbBNPHUcCTd2014-06-27iLF1l0oBNPHU F-CIJ-PD xxxx xxxxp44396-20r2020-06-25te. 2w2020-06-25yLF2ZNo se presta 00102ddc56708DSaBNPHUbBNPHUcCTd2025-03-20eDepósito Legall0oBNPHU F-CIJ-DS xxxx C822p2025-3484r2025-04-21te.3w2025-04-21yLF2 c43885d43885